000 01039 a2200289 4500
999 _c11091
_d11091
020 _a9781449600556 (pbk. : alk. paper)
050 0 0 _aR690
_bSTA 2012
100 1 _aStanfield, Peggy.
_eauthor
245 1 0 _aIntroduction to the health professions /
_cPeggy S. Stanfield, Nanna Cross, Y.H. Hui.
250 _asixth edition
264 _aBurlington :
_bJones & Bartlett Learning,
_cc.2012
300 _axvi, 491 pages
_bill. ;
336 _2rdacontent
_atext
_btxt
337 _2rdamedia
_aunmediated
_bn
338 _2rdacarrier
_avolume
_bnc
504 _aIncludes bibliographical references and index.
650 0 _aMedicine
_xVocational guidance.
650 0 _aAllied health personnel
_xVocational guidance.
650 1 2 _aHealth Occupations
650 2 2 _aAllied Health Personnel
650 2 2 _aCareer Choice
650 2 2 _aVocational Guidance
700 1 _aCross, Nanna.
700 1 _aHui, Y. H.
_q(Yiu H.)
942 _2lcc
_cBK
_h960
_iSTA
_kR
_enineth edition